000 00892nam a2200265 a 4500
001 BRCA_4452
005 20190320204657.0
008 030910s1907----enka######---#000-0#eng-#
041 _aeng
044 _aenk
050 4 _aDP17
_b.C35 5
_c1907
100 1 _aAlbert, Calvert F.
_d1876-1946
_911274
245 1 0 _aSeville
_bAn historical and descriptive account of ´The Pearl of Andalusia´
_cBy Albert F. Calvert.
260 _aLondres: Nueva York
_bJohn Lane, The Bodley Head
_c1907
300 _axxi, 139 p. (v.5)
_bil., 300 láminas
_c20 cm.
440 0 _aThe spanish series
_v5
_911275
500 _aIncluye índice de ilustraciones
500 _aEjemplar igual a CEO15
500 _aláminas maltratadas de la 191 a la 300
500 _aCEO3
651 4 _aEspaña
_xDescripción
_zSevilla
_911276
651 4 _aEspaña
_xDescripción y viajes
_97912
902 _aGFM
942 _2lcc
_cB
999 _c4158
_d4158